[Event "Teteven op 30th"]
[Site "Teteven"]
[Date "2015.08.14"]
[Round "7"]
[White "Galunov, Todor"]
[Black "Todorov, Kostadinov Todor"]
[Result "1-0"]
[WhiteElo "2278"]
[BlackElo "1980"]
[PlyCount "45"]
[EventDate "2015.08.10"]
[EventType "swiss"]
[EventRounds "9"]
[EventCountry "BUL"]
[SourceTitle "CBM 167 Extra"]
[Source "ChessBase"]
[SourceDate "2015.09.14"]
[SourceVersion "1"]
[SourceVersionDate "2015.09.14"]
[SourceQuality "1"]

1. Nf3 d5 2. g3 c5 3. Bg2 Nf6 4. 0-0 g6 5. d4 Bg7 6. dxc5 Na6 7. c4 0-0 8. cxd5 Qxd5 9. Be3 e5 10. Nc3 Qxd1 11. Rfxd1 Ng4 12. Bd2 Nxc5 13. h3 Nf6 14. Nxe5 Nfe4 15. Nxe4 Nxe4 16. Bb4 Re8 17. Nc4 Bf6 18. Rac1 h5 19. b3 Bf5 20. e3 Rad8 21. Rxd8 Rxd8 22. g4 b5 23. gxf5 1-0

[Event "Teteven op 30th"]
[Site "Teteven"]
[Date "2015.08.11"]
[Round "2"]
[White "Todorov, Kostadinov Todor"]
[Black "Drenchev, Petar"]
[Result "0-1"]
[WhiteElo "1980"]
[BlackElo "2463"]
[PlyCount "110"]
[EventDate "2015.08.10"]
[EventType "swiss"]
[EventRounds "9"]
[EventCountry "BUL"]
[SourceTitle "CBM 167 Extra"]
[Source "ChessBase"]
[SourceDate "2015.09.14"]
[SourceVersion "1"]
[SourceVersionDate "2015.09.14"]
[SourceQuality "1"]

1. c4 e6 2. Nc3 d5 3. cxd5 exd5 4. d4 Be7 5. Bf4 c6 6. Qc2 g6 7. e3 Bf5 8. Qd2 Nf6 9. f3 0-0 10. g4 Be6 11. Bd3 c5 12. Nge2 Nc6 13. Rd1 Qa5 14. a3 c4 15. Bb1 b5 16. h4 b4 17. axb4 Qxb4 18. h5 Rfd8 19. hxg6 fxg6 20. Ng3 Nd7 21. Qh2 Nf8 22. Bh6 Bd6 23. Bxf8 Bxg3+ 24. Qxg3 Qxf8 25. Rd2 Rd7 26. Rdh2 Qe8 27. f4 Rg7 28. Kf1 Rd8 29. Qf3 Ne7 30. Bc2 Qd7 31. Rg1 Rf8 32. Rf2 Kh8 33. Rg3 Rgf7 34. Qg2 Qb7 35. Bd1 Bd7 36. Bf3 Bc6 37. Qh1 Rd8 38. Rh3 Ng8 39. Bd1 Nf6 40. f5 gxf5 41. gxf5 Rg8 42. Bh5 Rfg7 43. Bg6 Be8 44. Rfh2 Bxg6 45. fxg6 Rxg6 46. Rf2 Qg7 47. Ke2 Rg2 48. Rhf3 Rxf2+ 49. Rxf2 Qg6 50. Qb1 Qxb1 51. Nxb1 Ne4 52. Rh2 Rb8 53. Kf3 Rf8+ 54. Ke2 a5 55. Nd2 Rb8 0-1

[Event "Kesarovski Georgiev Memorial 11th"]
[Site "Sunny Beach"]
[Date "2012.09.09"]
[Round "9"]
[White "Elishev, Ivan"]
[Black "Todorov, Kostadinov Todor"]
[Result "1/2-1/2"]
[WhiteElo "2204"]
[BlackElo "2025"]
[PlyCount "117"]
[EventDate "2012.09.01"]
[EventType "swiss"]
[EventRounds "9"]
[EventCountry "BUL"]
[SourceTitle "CBM 150 Extra"]
[Source "ChessBase"]
[SourceDate "2012.10.19"]
[SourceVersion "1"]
[SourceVersionDate "2012.10.19"]
[SourceQuality "1"]

1. e4 e6 2. Nf3 d5 3. e5 c5 4. b4 cxb4 5. d4 Bd7 6. Bd3 Qa5 7. Qe2 b3+ 8. c3 a6 9. Qb2 bxa2 10. Rxa2 Qc7 11. 0-0 Bc6 12. Na3 Nd7 13. Nb5 Bxb5 14. Bxb5 Rc8 15. Bd3 Ne7 16. Bd2 Nb8 17. Rb1 b5 18. Rxa6 Nxa6 19. Bxb5+ Nc6 20. Bxa6 Rb8 21. Bb5 Rc8 22. c4 Be7 23. cxd5 exd5 24. Rc1 Qb6 25. Ba5 Qxa5 26. Bxc6+ Kf8 27. Ra1 Qd8 28. Qb7 Rb8 29. Qxb8 Qxb8 30. Ra8 Qxa8 31. Bxa8 f6 32. Bxd5 Ke8 33. Be6 fxe5 34. Nxe5 Rf8 35. g3 Bd6 36. f4 Bxe5 37. fxe5 Rf3 38. Bd5 Rd3 39. Bc6+ Ke7 40. d5 Re3 41. e6 Re2 42. Bb5 Rd2 43. Bc4 h6 44. h4 g5 45. hxg5 hxg5 46. Kf1 Kd6 47. Ke1 Rc2 48. Bd3 Rg2 49. Be4 Rxg3 50. Kf2 Rg4 51. Bf3 Rf4 52. Kg3 Ke7 53. Bg2 Kd6 54. Bf3 Ke7 55. Bg4 Kd6 56. Bh5 Ke7 57. Be2 Kd6 58. Bf3 Ke7 59. Bh5 1/2-1/2

[Event "Kesarovski Georgiev Memorial 11th"]
[Site "Sunny Beach"]
[Date "2012.09.06"]
[Round "6"]
[White "Todorov, Kostadinov Todor"]
[Black "Atanasov, Radislav"]
[Result "1-0"]
[WhiteElo "2025"]
[BlackElo "2150"]
[PlyCount "53"]
[EventDate "2012.09.01"]
[EventType "swiss"]
[EventRounds "9"]
[EventCountry "BUL"]
[SourceTitle "CBM 150 Extra"]
[Source "ChessBase"]
[SourceDate "2012.10.19"]
[SourceVersion "1"]
[SourceVersionDate "2012.10.19"]
[SourceQuality "1"]

1. Nf3 Nf6 2. c4 c5 3. Nc3 e6 4. g3 d5 5. cxd5 exd5 6. d4 Nc6 7. Bg2 Be7 8. 0-0 0-0 9. Bg5 cxd4 10. Nxd4 h6 11. Be3 Bg4 12. h3 Be6 13. Nxe6 fxe6 14. Nb5 e5 15. f4 d4 16. fxe5 dxe3 17. exf6 Bxf6 18. Qb3+ Kh8 19. Rad1 Qb6 20. Rd7 Rad8 21. Rfd1 Rxd7 22. Rxd7 Na5 23. Qa3 Rd8 24. Qd3 Nc6 25. Rxd8+ Nxd8 26. Qd7 Bxb2 27. Nd6 1-0

[Event "Albena Intelekti op"]
[Site "Albena"]
[Date "2012.06.21"]
[Round "5"]
[White "Todorov, Kostadinov Todor"]
[Black "Valeva, Ana"]
[Result "1-0"]
[WhiteElo "2072"]
[BlackElo "1433"]
[PlyCount "33"]
[EventDate "2012.06.17"]
[EventType "swiss"]
[EventRounds "9"]
[EventCountry "BUL"]
[SourceTitle "EXT 2014"]
[Source "ChessBase"]
[SourceDate "2013.11.20"]
[SourceVersion "1"]
[SourceVersionDate "2013.11.20"]
[SourceQuality "1"]

1. d4 d5 2. e3 Nf6 3. Bd3 e6 4. Nd2 Be7 5. f4 Nbd7 6. Ngf3 0-0 7. 0-0 c5 8. c3 a6 9. Ne5 Nxe5 10. fxe5 Nd7 11. Qh5 h6 12. e4 cxd4 13. cxd4 dxe4 14. Nxe4 Nb6 15. Bxh6 Qxd4+ 16. Nf2 gxh6 17. Qxh6 1-0

[Event "Albena op 19th"]
[Site "Albena"]
[Date "2011.07.03"]
[Round "9"]
[White "Anton, Teodor"]
[Black "Todorov, Kostadinov Todor"]
[Result "1-0"]
[WhiteElo "2355"]
[BlackElo "2072"]
[PlyCount "73"]
[EventDate "2011.06.25"]
[EventType "swiss"]
[EventRounds "9"]
[EventCountry "BUL"]
[SourceTitle "CBM 143 Extra"]
[Source "ChessBase"]
[SourceDate "2011.08.29"]
[SourceVersion "1"]
[SourceVersionDate "2011.08.29"]
[SourceQuality "1"]

1. d4 Nf6 2. c4 g6 3. Nf3 Bg7 4. g3 d5 5. cxd5 Nxd5 6. Bg2 0-0 7. 0-0 Nb6 8. Nc3 Nc6 9. e3 Re8 10. Re1 e5 11. d5 Na5 12. e4 Nac4 13. b3 Nd6 14. a4 Bd7 15. a5 Nbc8 16. b4 Nb5 17. Nxb5 Bxb5 18. Bf1 Qd7 19. Bxb5 Qxb5 20. Bd2 Nd6 21. Rc1 Rac8 22. Rc5 Qa6 23. Qb3 c6 24. Kg2 b5 25. axb6 Qxb6 26. Be3 Qb7 27. Rec1 cxd5 28. Qxd5 Qxd5 29. exd5 Rb8 30. Rc6 Bf8 31. Bxa7 Rb5 32. Bc5 Nb7 33. d6 Nd8 34. d7 Re7 35. Bxe7 Bxe7 36. Rc8 Kf8 37. R1c5 1-0

[Event "Albena op 19th"]
[Site "Albena"]
[Date "2011.06.28"]
[Round "4"]
[White "Radulov, Ivan"]
[Black "Todorov, Kostadinov Todor"]
[Result "1-0"]
[WhiteElo "2288"]
[BlackElo "2072"]
[PlyCount "109"]
[EventDate "2011.06.25"]
[EventType "swiss"]
[EventRounds "9"]
[EventCountry "BUL"]
[SourceTitle "CBM 143 Extra"]
[Source "ChessBase"]
[SourceDate "2011.08.29"]
[SourceVersion "1"]
[SourceVersionDate "2011.08.29"]
[SourceQuality "1"]

1. Nf3 Nf6 2. d4 g6 3. c4 Bg7 4. Nc3 d5 5. cxd5 Nxd5 6. g3 0-0 7. Bg2 c5 8. 0-0 Nxc3 9. bxc3 Qa5 10. Bb2 Nc6 11. e3 Bg4 12. Qb3 cxd4 13. cxd4 Qh5 14. Nd2 Rab8 15. Rac1 Bh3 16. Rc5 e5 17. d5 Bxg2 18. Kxg2 Nd8 19. Rc7 Qe2 20. Ne4 Qa6 21. Rfc1 b6 22. Nc5 bxc5 23. Qxb8 Ne6 24. Rxa7 Qe2 25. Qb3 Ng5 26. Qc2 Qf3+ 27. Kf1 Qh1+ 28. Ke2 Qf3+ 29. Ke1 Qh1+ 30. Kd2 Qxd5+ 31. Qd3 Qf3 32. Kc2 Qxf2+ 33. Kb1 Rb8 34. Qc2 Qxe3 35. Qxc5 e4 36. Rb7 Rxb7 37. Qc8+ Bf8 38. Qxb7 Qd3+ 39. Ka1 e3 40. Qb8 Qe4 41. Qd8 Ne6 42. Qf6 Ng7 43. Re1 Qd3 44. Qe5 Qd2 45. Qxe3 Qxh2 46. Qe5 h5 47. a3 Qc2 48. Rc1 Qf5 49. a4 Qg4 50. Qf4 Qe6 51. Qd4 Qh3 52. a5 Qxg3 53. a6 Qg2 54. a7 Kh7 55. Qd8 1-0